000 00375nam a22001217a 4500
082 _a200 THE
100 _aRIZWAN HAIDER
_970412
245 _aTH-SOF-1008-AUTOMATED DETECTION OF GLAUCOMA USING COLOR FUNDUS IMAGES
260 _aISLAMABAD
_bNUST COLLEGE OF EME
_c2018
650 _aMS-COMPUTER ENGINEERING-69 MSTHESIS
700 _aDR MUHAMMAD USMAN AKRAM
_916084
942 _cCF
999 _c577392
_d577392